000
00322 a2200109 4500
001
ART_39004
005
20260410161804.0
008
260409a
245
1
0
_a
El mito de la infracapitalización
100
1
_a
Dasso, Ariel G.
773
0
_t
Doctrina Societaria y Concursal
_g
- Nº 324 (nov. 2014)
_w
REV4298
999
_c
20839
_d
20839